| 000 | 00977nam a2200289Ia 4500 | ||
|---|---|---|---|
| 003 | OSt | ||
| 005 | 20221007121757.0 | ||
| 006 | a|||||r|||| 00| 0 | ||
| 007 | ta | ||
| 008 | 221006b |||||||| |||| 00| 0 eng d | ||
| 020 | _cRs.750.00 | ||
| 024 | _a7210 | ||
| 037 |
_bBishen, _cTextual |
||
| 040 |
_aBDL _cBDL _beng |
||
| 041 |
_2eng _aeng |
||
| 082 | _aJB:(X), N8 | ||
| 100 |
_aSharma L C _9129012 |
||
| 245 | 0 | _aEconomic utilisation of industrial woods by L C Sharma | |
| 260 |
_aDehra _bDun Bishen Singh Mahendra Pal Singh _c1998 |
||
| 300 |
_a306p _ccm. |
||
| 500 | _aIndex 297-306p; ^n23/CSL/Carb/00-01/294^d2000-10-23^mPurchase; ; 2000-2001/461^b2001-01-16^c508^d2001-01-10^eRs.15,485.50^fBishen Singh Mahendra Pal Singh; ; 2001-01-24^bSB^c2003-09-04^dS C Jindal | ||
| 650 | _a Forestry | ||
| 650 |
_a Industrial Woods _9712923 |
||
| 650 | _aAgriculture | ||
| 942 |
_hJB:(X), N8 _cTEXL _2CC |
||
| 999 |
_c1209322 _d1209322 |
||